Khutba-e Sadarat : / خطبۂ صدارت (Record no. 27476)

MARC details
000 -LEADER
fixed length control field 00465nam a22001697a 4500
003 - CONTROL NUMBER IDENTIFIER
control field BDDh-ASL
005 - DATE AND TIME OF LATEST TRANSACTION
control field 20231015030754.0
008 - FIXED-LENGTH DATA ELEMENTS--GENERAL INFORMATION
fixed length control field 211103s1938 ii ||||| |||| 00| 0 u d
040 ## - CATALOGING SOURCE
Original cataloging agency BDDh-ASL
Transcribing agency BDDh-ASL
082 ## - DEWEY DECIMAL CLASSIFICATION NUMBER
Classification number 370
Item number HAK
100 1# - MAIN ENTRY--PERSONAL NAME
9 (RLIN) 5676
Personal name Haq, A.K. Fazlul
245 10 - TITLE STATEMENT
Title Khutba-e Sadarat : / خطبۂ صدارت
260 ## - PUBLICATION, DISTRIBUTION, ETC.
Place of publication, distribution, etc. Patna :
Date of publication, distribution, etc. 1938.
300 ## - PHYSICAL DESCRIPTION
Extent 41 p. :
Dimensions 23 cm.
650 #0 - SUBJECT ADDED ENTRY--TOPICAL TERM
9 (RLIN) 5677
Topical term or geographic name entry element Mohammedan Educational Conference
942 ## - ADDED ENTRY ELEMENTS (KOHA)
Source of classification or shelving scheme Dewey Decimal Classification
Koha item type Books
Holdings
Withdrawn status Lost status Source of classification or shelving scheme Damaged status Not for loan Collection code Home library Current library Shelving location Date acquired Source of acquisition Serial Enumeration / chronology Total Checkouts Full call number Barcode Date last seen Copy number Price effective from Koha item type
    Dewey Decimal Classification     Non-fiction Asiatic Society Library Asiatic Society Library General Stacks 11/03/2021 ASB Library Collection U-0786   370 HAK 113591 11/03/2021 C-1 11/03/2021 Books

Powered by Koha